[Event "KL Chess Open 2014"]
[Site "Kuala Lumpur MAS"]
[Date "2014.04.05"]
[Round "2.13"]
[White "Pitra, Andika"]
[Black "Kuderinov, Kirill"]
[Result "0-1"]
[WhiteTitle "FM"]
[BlackTitle "IM"]
[WhiteElo "2276"]
[BlackElo "2448"]
[WhiteFideId "7103255"]
[BlackFideId "13701568"]
[EventDate "2014.04.04"]

1. e4 c5 2. Nf3 d6 3. d4 cxd4 4. Nxd4 Nf6 5. Nc3 g6 6. Bg5 Bg7 7. Bb5+ Bd7 8.
Qe2 Nc6 9. Bxc6 bxc6 10. O-O-O O-O 11. e5 Nd5 12. Nxd5 cxd5 13. exd6 Qb6 14.
dxe7 Rfc8 15. Nb3 d4 16. Kb1 a5 17. Nc1 Be6 18. Nd3 Qb5 19. Bc1 a4 20. Rhe1 Qd5
21. b3 axb3 22. axb3 Qa5 23. Bb2 Re8 24. Nc1 Rxe7 25. Rxd4 Bxd4 26. Bxd4 Ree8
27. Qe3 f6 28. Bxf6 Bf5 29. Be5 Rac8 30. Nd3 Bxd3 31. cxd3 Qb4 32. Kb2 Rxe5 33.
Qxe5 Qd2+ 34. Ka1 Ra8+ 0-1

[Event "KL Chess Open 2014"]
[Site "Kuala Lumpur MAS"]
[Date "2014.04.05"]
[Round "2.14"]
[White "Lazarev, Vladimir"]
[Black "Zulfic, Fedja"]
[Result "1-0"]
[WhiteTitle "GM"]
[WhiteElo "2441"]
[BlackElo "2192"]
[WhiteFideId "4113250"]
[BlackFideId "3208427"]
[EventDate "2014.04.04"]

1. d4 Nf6 2. c4 g6 3. Nc3 d5 4. e3 Bg7 5. Qb3 e6 6. Qa3 b6 7. Nf3 Bb7 8. Bd2
Nbd7 9. Rc1 Ne4 10. cxd5 exd5 11. Ba6 Bxa6 12. Qxa6 Nxc3 13. Bxc3 Qc8 14. Qa4
Qb7 15. O-O a5 16. Bd2 Bf8 17. Qb5 Bd6 18. Ne5 Bxe5 19. dxe5 Ra7 20. f4 c5 21.
f5 O-O 22. e6 Ne5 23. exf7+ Rxf7 24. Qe8+ 1-0

[Event "KL Chess Open 2014"]
[Site "Kuala Lumpur MAS"]
[Date "2014.04.05"]
[Round "2.15"]
[White "Neelotpal, Das"]
[Black "Tejaswini, Sagar"]
[Result "1/2-1/2"]
[WhiteTitle "GM"]
[BlackTitle "WCM"]
[WhiteElo "2428"]
[BlackElo "1931"]
[WhiteFideId "5003512"]
[BlackFideId "5054290"]
[EventDate "2014.04.04"]

1. d4 Nf6 2. c4 g6 3. Nc3 Bg7 4. e4 d6 5. Be2 O-O 6. Bg5 c5 7. d5 b5 8. cxb5 a6
9. Qd2 Qa5 10. a4 axb5 11. Bxb5 Ba6 12. Bxa6 Nxa6 13. Nf3 Qb4 14. O-O Rfb8 15.
Qd3 c4 16. Qe2 Nc5 17. Bd2 Nb3 18. Ra2 Nxd2 19. Nxd2 Re8 20. Rc1 Nd7 21. Rc2 Nb6
22. g3 Bxc3 23. bxc3 Qc5 24. Qd1 1/2-1/2

[Event "KL Chess Open 2014"]
[Site "Kuala Lumpur MAS"]
[Date "2014.04.05"]
[Round "2.16"]
[White "Villanueva, Nelson"]
[Black "Nguyen, Van Huy"]
[Result "0-1"]
[BlackTitle "IM"]
[WhiteElo "2260"]
[BlackElo "2423"]
[WhiteFideId "5204127"]
[BlackFideId "12401064"]
[EventDate "2014.04.04"]

1. e4 c6 2. d4 d5 3. Nc3 dxe4 4. Nxe4 Bf5 5. Ng3 Bg6 6. h4 h6 7. Nf3 Nf6 8. h5
Bh7 9. Bd3 Bxd3 10. Qxd3 e6 11. Bd2 c5 12. Ne4 Nc6 13. Nxf6+ Qxf6 14. Bc3 O-O-O
15. O-O-O Qf4+ 16. Qe3 Qxe3+ 17. fxe3 Rg8 18. Rdf1 f5 19. Rhg1 g5 20. g4 Be7 21.
Ne5 Nxe5 22. dxe5 Rdf8 23. Kd2 Kd7 24. Ke2 Kc6 25. e4 fxg4 26. Rxf8 Rxf8 27.
Rxg4 b5 28. b3 b4 29. Bb2 c4 30. c3 Bc5 31. Rg2 Rf4 32. bxc4 Rxe4+ 33. Kd3 Re3+
34. Kc2 bxc3 35. Bxc3 Rh3 36. Rd2 g4 37. Rd8 g3 38. Rc8+ Kb6 39. Rb8+ Kc7 40.
Rg8 Rh2+ 41. Kd3 g2 42. Rg7+ Kd8 43. Bd4 Rh3+ 44. Ke4 Rh4+ 45. Kf3 Bxd4 46. Rxg2
Bxe5 47. Rg6 Ke7 48. Rxh6 Kf7 49. Rg6 Rxh5 50. Rg2 Rh2 51. Rg5 Kf6 0-1

[Event "KL Chess Open 2014"]
[Site "Kuala Lumpur MAS"]
[Date "2014.04.05"]
[Round "2.17"]
[White "Nolte, Rolando"]
[Black "Akhramsyah, Aqil Ainuddin Naufal"]
[Result "1-0"]
[WhiteTitle "IM"]
[WhiteElo "2417"]
[BlackElo "1548"]
[WhiteFideId "5200636"]
[BlackFideId "5714958"]
[EventDate "2014.04.04"]

1. e4 c5 2. Nc3 Nc6 3. Nf3 g6 4. d4 cxd4 5. Nxd4 Bg7 6. Be3 d6 7. Be2 e6 8. Ndb5
Ke7 9. O-O Nf6 10. Qd2 a6 11. Nd4 Nxd4 12. Bxd4 Qc7 13. f4 Rd8 14. Qe3 Re8 15.
e5 1-0

[Event "KL Chess Open 2014"]
[Site "Kuala Lumpur MAS"]
[Date "2014.04.05"]
[Round "2.18"]
[White "Fong, Yit San"]
[Black "Aravindh, Chithambaram VR."]
[Result "0-1"]
[BlackTitle "FM"]
[WhiteElo "2190"]
[BlackElo "2417"]
[WhiteFideId "5702640"]
[BlackFideId "5072786"]
[EventDate "2014.04.04"]

1. e4 c5 2. Nf3 Nc6 3. d4 cxd4 4. Nxd4 Nf6 5. Nc3 e5 6. Ndb5 d6 7. Bg5 a6 8. Na3
b5 9. Bxf6 gxf6 10. Nd5 f5 11. c3 Bg7 12. exf5 Bxf5 13. Nc2 O-O 14. Nce3 Be6 15.
Bd3 f5 16. O-O e4 17. Nf4 Bf7 18. Bc2 Be5 19. Nfd5 Qg5 20. f4 exf3 21. Qxf3 Bh5
22. Qh3 f4 23. Qd7 Ra7 24. Qxc6 fxe3 25. Qb6 Qh4 26. Rxf8+ Kxf8 27. Qb8+ Be8 28.
Rf1+ Rf7 29. Rxf7+ Kxf7 30. Qa7+ Kf8 31. Qxe3 Qxh2+ 32. Kf1 Bf7 33. Be4 Qh1+ 34.
Qg1 Qh4 35. Qe3 Qh1+ 36. Qg1 Qh5 37. Qf2 Qd1+ 38. Qe1 Qg4 39. a3 Bg3 40. Qe2 Qh4
41. Qe3 Qh1+ 42. Qg1 Qh5 43. Qd4 Be5 44. Qf2 Qd1+ 45. Qe1 Qb3 46. Ne3 Qxb2 47.
Qh4 Qxc3 48. Qd8+ Be8 49. Ke2 Bf4 50. Nf5 Qc4+ 51. Kf3 Qf1+ 0-1

[Event "KL Chess Open 2014"]
[Site "Kuala Lumpur MAS"]
[Date "2014.04.05"]
[Round "2.19"]
[White "Fong, Yit Ho"]
[Black "Ramnath Bhuvanesh, R"]
[Result "0-1"]
[BlackTitle "IM"]
[WhiteElo "1931"]
[BlackElo "2408"]
[WhiteFideId "5702780"]
[BlackFideId "5026598"]
[EventDate "2014.04.04"]

1. e4 c5 2. c3 Nf6 3. e5 Nd5 4. d4 cxd4 5. Nf3 Nc6 6. cxd4 d6 7. Bc4 Nb6 8. Bb3
d5 9. Nc3 Bg4 10. Be3 e6 11. O-O Be7 12. h3 Bh5 13. Bc2 Rc8 14. Qe2 Nc4 15. Bd3
Nb4 16. Bxc4 Rxc4 17. a3 Nc6 18. g4 Bg6 19. Nd2 Rxd4 20. Bxd4 Nxd4 21. Qd1 Bc2
22. Qe1 Bc5 23. Kg2 Bd3 24. Nf3 Nxf3 25. Kxf3 Bxf1 26. Qxf1 O-O 27. Qd3 f6 28.
Kg2 fxe5 29. f3 e4 30. fxe4 Rf2+ 31. Kg3 Qc7+ 0-1

[Event "KL Chess Open 2014"]
[Site "Kuala Lumpur MAS"]
[Date "2014.04.05"]
[Round "2.21"]
[White "Savant, Riya"]
[Black "Ly, Moulthun"]
[Result "0-1"]
[WhiteTitle "WFM"]
[BlackTitle "IM"]
[WhiteElo "1938"]
[BlackElo "2440"]
[WhiteFideId "5067359"]
[BlackFideId "3204405"]
[EventDate "2014.04.04"]

1. d4 Nf6 2. Nf3 d5 3. g3 Bf5 4. Bg2 c6 5. O-O e6 6. b3 Nbd7 7. Bb2 a5 8. Nbd2
a4 9. c4 Qa5 10. a3 axb3 11. Qxb3 Qa4 12. Qxa4 Rxa4 13. c5 h6 14. Rfc1 Be7 15.
Ne1 O-O 16. f3 Bg6 17. e3 Rb8 18. Bf1 b6 19. cxb6 Rxb6 20. Ra2 c5 21. dxc5 Bxc5
22. Kf2 Rb8 23. Nd3 Bf8 24. Nb1 Ra7 25. Nc3 Rc7 26. Nf4 Bh7 27. Nb5 Rxc1 28.
Bxc1 g5 29. Ng2 g4 30. f4 Nc5 31. Ne1 Nb3 32. Bb2 Bb1 33. Bxf6 Bxa2 34. Nc2 Nc5
35. Be5 Rb7 36. Nb4 Bc4 37. Nc7 Ne4+ 38. Kg1 Bxf1 39. Kxf1 Bxb4 40. axb4 f6 0-1

[Event "KL Chess Open 2014"]
[Site "Kuala Lumpur MAS"]
[Date "2014.04.05"]
[Round "2.22"]
[White "Thipsay, Bagyashree Sathe"]
[Black "Pascua, Haridas"]
[Result "0-1"]
[WhiteTitle "WIM"]
[BlackTitle "FM"]
[WhiteElo "2061"]
[BlackElo "2375"]
[WhiteFideId "5001013"]
[BlackFideId "5203953"]
[EventDate "2014.04.04"]

1. e4 g6 2. d4 Bg7 3. Nc3 c6 4. Nf3 d5 5. h3 dxe4 6. Nxe4 Nd7 7. Bd3 Ngf6 8. O-O
Nxe4 9. Bxe4 O-O 10. Re1 c5 11. c3 cxd4 12. Nxd4 e5 13. Nb5 Nc5 14. Bc2 Qb6 15.
Qe2 Qc6 16. Be3 a6 17. Qc4 b6 18. Na3 Be6 19. Qh4 Bd5 20. f3 f5 21. c4 Bf7 22.
Rab1 Rfd8 23. Qf2 Rd7 24. Red1 Rad8 25. Rxd7 Rxd7 26. Qe2 e4 27. f4 Nd3 28. b3
Qd6 29. c5 bxc5 30. Rd1 Bd4 31. Bxd3 exd3 32. Rxd3 Bxe3+ 33. Rxe3 Qxf4 34. Nc2
c4 35. bxc4 Bxc4 36. Qe1 Bf7 37. g3 Qb8 38. Qc3 Rd1+ 39. Kf2 f4 40. gxf4 Qxf4+
41. Rf3 Qd2+ 0-1

[Event "KL Chess Open 2014"]
[Site "Kuala Lumpur MAS"]
[Date "2014.04.05"]
[Round "2.23"]
[White "Lim, Kian Hwa"]
[Black "Yeoh, Li Tian"]
[Result "0-1"]
[WhiteElo "1851"]
[BlackElo "2328"]
[WhiteFideId "5700744"]
[BlackFideId "5702895"]
[EventDate "2014.04.04"]

1. e4 e5 2. Nf3 Nc6 3. Bb5 g6 4. d3 Bg7 5. Nc3 Nge7 6. O-O a6 7. Ba4 O-O 8. a3
d6 9. Be3 h6 10. Qc1 Kh7 11. h3 f5 12. Rd1 g5 13. exf5 Bxf5 14. g4 Be6 15. Kg2
Nd4 16. Bxd4 exd4 17. Ne4 Kh8 18. Re1 Ng6 19. Kg3 d5 20. Nexg5 Qd6+ 21. Kg2 Nf4+
22. Kh1 hxg5 23. Nxg5 b5 24. Bb3 Bd7 25. Qd2 Qh6 26. Re7 Qxg5 27. Rxd7 Qh4 28.
Bxd5 Qxh3+ 29. Kg1 Rae8 30. Re1 Rxe1+ 31. Qxe1 Qxg4+ 32. Kh2 Qxd7 0-1

[Event "KL Chess Open 2014"]
[Site "Kuala Lumpur MAS"]
[Date "2014.04.05"]
[Round "2.24"]
[White "Low, Zhen Yu Cyrus"]
[Black "Hakiki, Kaisar Jenius"]
[Result "1/2-1/2"]
[BlackTitle "FM"]
[WhiteElo "1921"]
[BlackElo "2291"]
[WhiteFideId "5804175"]
[BlackFideId "7102097"]
[EventDate "2014.04.04"]

1. e4 c5 2. Nf3 e6 3. d4 cxd4 4. Nxd4 Nf6 5. Nc3 d6 6. Be3 a6 7. Be2 b5 8. Bf3
Nfd7 9. e5 d5 10. Nxd5 exd5 11. Bxd5 Nb6 12. Bxa8 Nxa8 13. O-O Qd5 14. Nb3 Bb7
15. Qxd5 Bxd5 16. Rfd1 Be4 17. Rac1 Nc7 18. c4 b4 19. f3 Bc6 20. Na5 Ne6 21. Ba7
Bc5+ 22. Bxc5 Nxc5 23. Nxc6 Nxc6 24. Rd6 Nd8 25. Rcd1 Ke7 26. R1d5 Nde6 27. Rc6
Nd7 28. Kf2 b3 29. a3 Rb8 30. g3 g5 31. Ke1 Rb7 32. Kd2 Nb6 33. Rdd6 Na4 34. Kc1
Nac5 35. Rd5 Nd7 36. Kd2 Nb6 37. Rdd6 Na4 38. Kc1 Nac5 39. Rd5 Nd7 40. Kd2 1/2-1/2

[Event "KL Chess Open 2014"]
[Site "Kuala Lumpur MAS"]
[Date "2014.04.05"]
[Round "2.25"]
[White "Lodhi, Mahmood"]
[Black "Ong, Way Justin"]
[Result "1-0"]
[WhiteTitle "IM"]
[WhiteElo "2358"]
[BlackElo "1985"]
[WhiteFideId "7800010"]
[BlackFideId "5703565"]
[EventDate "2014.04.04"]

1. d4 Nf6 2. Nf3 e6 3. g3 Be7 4. Bg2 O-O 5. O-O d5 6. c4 Nbd7 7. b3 Ne4 8. Bb2
h5 9. Nc3 Nxc3 10. Bxc3 h4 11. Nd2 hxg3 12. hxg3 c5 13. cxd5 exd5 14. Nf3 Nf6
15. dxc5 Ne4 16. Bd4 Nxc5 17. Qc2 Ne4 18. Qb2 g6 19. Rfd1 Qa5 20. a3 Be6 21. Ne1
Rfc8 22. Nd3 Bg5 23. e3 Qc7 24. Rac1 Qd6 25. Nf4 Qe7 26. Rxc8+ Rxc8 27. Bf3 Bxf4
28. exf4 Qd7 29. Be5 Qc6 30. Kg2 Kf8 31. Qd4 f6 32. Qb4+ Kg7 33. Bd4 a6 34. Rh1
Bf7 35. g4 g5 36. fxg5 Nxg5 37. Qd2 Kg8 38. Qxg5+ 1-0

[Event "KL Chess Open 2014"]
[Site "Kuala Lumpur MAS"]
[Date "2014.04.05"]
[Round "2.26"]
[White "Ismail, Ahmad"]
[Black "Wohl, Aleksandar H."]
[Result "0-1"]
[BlackTitle "IM"]
[WhiteElo "2035"]
[BlackElo "2355"]
[WhiteFideId "5700655"]
[BlackFideId "3200345"]
[EventDate "2014.04.04"]

1. d4 g6 2. Nf3 Bg7 3. Nc3 d5 4. Bf4 Nf6 5. e3 O-O 6. Be2 c5 7. O-O cxd4 8. exd4
Nc6 9. Be5 Bg4 10. h3 Bxf3 11. Bxf3 e6 12. Bf4 Qb6 13. Ne2 Qxb2 14. Rb1 Qxa2 15.
Rxb7 Qc4 16. Qd2 a5 17. g4 Rfd8 18. Bg5 Rd7 19. Rfb1 Rxb7 20. Rxb7 Qa6 21. Rc7
Ne8 22. Rd7 Qc8 23. Re7 Nxe7 24. Bxe7 a4 25. Ba3 Qc4 26. c3 Nc7 0-1

[Event "KL Chess Open 2014"]
[Site "Kuala Lumpur MAS"]
[Date "2014.04.05"]
[Round "2.27"]
[White "Hoang, Thi Nhu Y"]
[Black "Kamis, Kamarunsalehin"]
[Result "0-1"]
[WhiteTitle "WIM"]
[WhiteElo "2207"]
[BlackElo "1946"]
[WhiteFideId "12401455"]
[BlackFideId "10500170"]
[EventDate "2014.04.04"]

1. c4 Nf6 2. Nc3 e6 3. e4 d5 4. e5 Ne4 5. Nxe4 dxe4 6. Qg4 Na6 7. Qxe4 Bd7 8.
Nf3 Bc6 9. Qe2 Nb4 10. d3 Bxf3 11. gxf3 Nc6 12. a3 Nd4 13. Qd1 Qh4 14. Bg2 O-O-O
15. O-O Rg8 16. Re1 f5 17. Qa4 Bc5 18. Be3 g5 19. b4 g4 20. f4 Nf3+ 21. Kf1 Bxe3
22. fxe3 Qxh2 0-1

[Event "KL Chess Open 2014"]
[Site "Kuala Lumpur MAS"]
[Date "2014.04.05"]
[Round "2.28"]
[White "Ferry, Ferdiansyah"]
[Black "Tan, Li Ting"]
[Result "1-0"]
[WhiteElo "2185"]
[BlackElo "1928"]
[WhiteFideId "7103140"]
[BlackFideId "5704820"]
[EventDate "2014.04.04"]

1. e4 e5 2. Nf3 Nc6 3. Bb5 a6 4. Ba4 Nf6 5. O-O b5 6. Bb3 Be7 7. d4 d6 8. a4 Bg4
9. c3 O-O 10. d5 Na5 11. Bc2 c6 12. h3 Bh5 13. dxc6 Nxc6 14. Bg5 Qc7 15. Nbd2
Rfd8 16. Bb3 Nd7 17. g4 Bg6 18. h4 h5 19. Nh2 Bxg5 20. hxg5 hxg4 21. Qxg4 Ne7
22. axb5 axb5 23. Nhf3 Nc5 24. Ba2 Qd7 25. Qxd7 Nxd7 26. Nh4 Bh5 27. Nf5 Kf8 28.
Nxe7 Kxe7 29. Bd5 Rab8 30. Ra7 f6 31. Nb3 Rb6 32. gxf6+ gxf6 33. Kg2 Rh8 34. Na5
Bg4 35. Kg3 Be6 36. Nc6+ Rxc6 37. Bxc6 Rb8 38. Rh1 Rg8+ 39. Kf3 Rg7 40. Bxb5 f5
41. Rh6 fxe4+ 42. Kxe4 Rf7 43. Rxe6+ 1-0

[Event "KL Chess Open 2014"]
[Site "Kuala Lumpur MAS"]
[Date "2014.04.05"]
[Round "2.29"]
[White "Mohammad Fahad, Rahman"]
[Black "Montoya, Edsel"]
[Result "0-1"]
[WhiteTitle "FM"]
[WhiteElo "2008"]
[BlackElo "2185"]
[WhiteFideId "10207791"]
[BlackFideId "5203147"]
[EventDate "2014.04.04"]

1. c4 Nf6 2. d4 c6 3. Nc3 d5 4. e3 e6 5. Nf3 Nbd7 6. Qc2 a6 7. c5 g6 8. Bd3 Bg7
9. O-O O-O 10. Bd2 e5 11. Nxe5 Nxe5 12. dxe5 Nd7 13. f4 Nxc5 14. Ne2 Nxd3 15.
Qxd3 Bf5 16. Qb3 Qd7 17. Ng3 Be6 18. Qb6 f6 19. exf6 Bxf6 20. Bc3 Rae8 21. Rad1
Bg4 22. Rd2 Bxc3 23. bxc3 Qe7 24. Rd3 h5 25. h3 h4 26. Nh1 Be2 27. Rfd1 Bxd1 28.
Rxd1 Qxe3+ 29. Qxe3 Rxe3 0-1

[Event "KL Chess Open 2014"]
[Site "Kuala Lumpur MAS"]
[Date "2014.04.05"]
[Round "2.30"]
[White "Setyaki, Azarya Jodi"]
[Black "Tan, Jun Feng"]
[Result "1-0"]
[WhiteTitle "CM"]
[WhiteElo "2181"]
[BlackElo "1911"]
[WhiteFideId "7101589"]
[BlackFideId "5704537"]
[EventDate "2014.04.04"]

1. e4 c5 2. Nf3 d6 3. d4 cxd4 4. Nxd4 Nf6 5. Nc3 a6 6. Be3 e5 7. Nb3 Be6 8. h3
Be7 9. Qf3 Qc7 10. O-O-O Nbd7 11. g4 h6 12. Nd5 Bxd5 13. exd5 Nb6 14. Kb1 Nc4
15. Bd3 Nxe3 16. fxe3 O-O-O 17. h4 Rdf8 18. Nd2 Nd7 19. Bf5 Kb8 20. Bxd7 Qxd7
21. Rdf1 g6 22. h5 f5 23. hxg6 fxg4 24. Qe4 Bg5 25. a4 Qg7 26. Nc4 Rf6 27. Rxf6
Qxf6 28. Qxg4 Qxg6 29. Rf1 Rc8 30. b3 h5 31. Qd7 Rd8 32. Rf8 Rxf8 33. Nxd6 Rf1+
34. Kb2 Rf7 35. Qe8+ Kc7 36. Nxf7 1-0

[Event "KL Chess Open 2014"]
[Site "Kuala Lumpur MAS"]
[Date "2014.04.05"]
[Round "2.31"]
[White "Grafil, Franz Robert"]
[Black "Dewi, Aa Citra"]
[Result "1/2-1/2"]
[BlackTitle "WFM"]
[WhiteElo "1972"]
[BlackElo "2154"]
[WhiteFideId "5205298"]
[BlackFideId "7101244"]
[EventDate "2014.04.04"]

1. d4 Nf6 2. c4 g6 3. g3 Bg7 4. Bg2 O-O 5. Nf3 d6 6. Nc3 c5 7. O-O cxd4 8. Nxd4
Nc6 9. Nxc6 bxc6 10. Bxc6 Bh3 11. Bxa8 Qxa8 12. f3 Bxf1 13. Qxf1 Qc8 14. e3 Qc5
15. Qd3 Nd7 16. f4 Nb6 17. Rb1 Nxc4 18. b3 Nb6 19. Bd2 Rc8 20. Rc1 Qh5 21. e4
Qa5 22. Rc2 Qc5+ 23. Be3 Qa5 24. Bd2 Qc5+ 25. Be3 Qa5 26. Bd2 Qc5+ 27. Be3 Qa5 1/2-1/2

[Event "KL Chess Open 2014"]
[Site "Kuala Lumpur MAS"]
[Date "2014.04.05"]
[Round "2.32"]
[White "Paril, Gabriel"]
[Black "Izzuddin, Zain"]
[Result "1-0"]
[WhiteElo "2140"]
[BlackElo "1881"]
[WhiteFideId "5203309"]
[BlackFideId "10500677"]
[EventDate "2014.04.04"]

1. e4 c6 2. d4 d5 3. exd5 cxd5 4. c4 Nf6 5. Nc3 Nc6 6. Nf3 Bg4 7. cxd5 Nxd5 8.
Qb3 Bxf3 9. gxf3 e6 10. Qxb7 Nxd4 11. Bb5+ Nxb5 12. Qc6+ Ke7 13. Qxb5 Qd7 14.
Bg5+ f6 15. Nxd5+ Qxd5 16. Qxd5 exd5 17. Be3 Kd6 18. O-O-O Be7 19. Rhe1 Rhc8+
20. Kb1 Rc4 21. Rd3 Rh4 22. Rc1 Ke6 23. Rc6+ Kd7 24. Ra6 Rh5 25. Rb3 Rxh2 26.
Rb7+ Kd8 27. Bxa7 Rc8 28. a3 Rh1+ 29. Ka2 Re1 30. Be3 Bf8 31. Ra5 Rd1 32. Rbb5
Kd7 33. Rxd5+ Rxd5 34. Rxd5+ Ke6 35. Rh5 h6 36. b4 f5 37. Kb3 g6 38. Rh1 h5 39.
a4 Kd5 40. b5 Bd6 41. a5 f4 42. Rd1+ Ke6 43. Bd4 g5 44. b6 g4 45. fxg4 hxg4 46.
a6 Bb8 47. b7 Rd8 48. a7 Bxa7 49. Re1+ 1-0

[Event "KL Chess Open 2014"]
[Site "Kuala Lumpur MAS"]
[Date "2014.04.05"]
[Round "2.33"]
[White "Darinowijono, Hermanu Latif"]
[Black "Alahakoon, Isuru"]
[Result "0-1"]
[WhiteElo "1903"]
[BlackElo "2120"]
[WhiteFideId "5716284"]
[BlackFideId "9900993"]
[EventDate "2014.04.04"]

1. d4 Nf6 2. Nf3 d5 3. c4 c6 4. Nc3 dxc4 5. a4 Bf5 6. e3 e6 7. Bxc4 Bb4 8. O-O
O-O 9. h3 h6 10. Qe2 Bh7 11. Rd1 Nbd7 12. Bd2 Re8 13. Be1 Qa5 14. Bb3 e5 15. Qc4
e4 16. Nd2 Bxc3 17. Qxc3 Qg5 18. Nc4 Bf5 19. Kh2 Nd5 20. Qd2 Re6 21. Qe2 Rg6 22.
Qf1 N7f6 23. Ne5 Qh5 24. Nxg6 fxg6 25. Rdc1 g5 26. Rc5 g4 27. Bd1 Rf8 28. Ra3
Qg5 29. a5 g3+ 30. fxg3 Bxh3 31. gxh3 Ng4+ 32. Kg1 Rxf1+ 33. Kxf1 Ngxe3+ 34. Ke2
Qh5+ 35. g4 Qxh3 36. Kd2 Qh2+ 37. Be2 Nf1+ 38. Kd1 Nde3+ 39. Rxe3 Nxe3+ 40. Kd2
Qf4 41. a6 Nd5+ 42. Kd1 bxa6 43. Bd2 e3 44. Bc3 Qe4 45. Kc1 Qh1+ 46. Kc2 Qg2 47.
Kd1 Nf4 48. Bc4+ Kh8 49. Re5 Qxg4+ 50. Kc2 Qg6+ 51. Kb3 Nd5 52. Bb4 h5 0-1

[Event "KL Chess Open 2014"]
[Site "Kuala Lumpur MAS"]
[Date "2014.04.05"]
[Round "2.34"]
[White "Calvelo, Jelvis"]
[Black "Wettasinha, Vasanta"]
[Result "1/2-1/2"]
[WhiteElo "2115"]
[BlackElo "1784"]
[WhiteFideId "5208009"]
[BlackFideId "9904433"]
[EventDate "2014.04.04"]

1. c4 Nf6 2. d4 g6 3. g3 Bg7 4. Bg2 c5 5. Nf3 cxd4 6. Nxd4 O-O 7. O-O Nc6 8. Nc2
d6 9. Nc3 Be6 10. b3 Qa5 11. Nd5 Bxd5 12. cxd5 Ne5 13. Bd2 Qd8 14. Rc1 Rc8 15.
h3 a6 16. Ne3 b5 17. Rxc8 Qxc8 18. Qb1 Qb7 19. Rc1 Rc8 20. Rc2 Bh6 21. f4 Ned7
22. Rc6 Nb8 23. Rc2 Rxc2 24. Qxc2 Qb6 25. Kh2 Qc5 26. Qd3 e5 27. fxe5 dxe5 28.
Nf5 Bf8 29. Nh6+ Kg7 30. e4 Nbd7 31. Be3 Qc7 32. g4 Ng8 33. Nxg8 Kxg8 34. g5 Be7
35. h4 Kg7 36. Bh3 f5 37. gxf6+ Nxf6 38. Bg5 Qc5 39. Be3 Qb4 40. Bg5 Qd4 41. Qf3
h6 42. Bxf6+ Bxf6 43. Be6 Qd2+ 44. Kh3 b4 45. h5 Qc3 46. Bg4 Qxf3+ 47. Bxf3 Be7
48. Kg4 Kf6 49. Be2 a5 50. Bb5 g5 51. Bd7 Bc5 52. Bb5 Be7 53. Bf1 Bc5 54. Bh3
Bd6 55. Kf3 Bc5 56. Ke2 Ke7 57. Kd3 Kd6 58. Kc4 Bb6 59. Kb5 Bd8 60. Bf5 Bc7 61.
Bc8 Bd8 62. Bg4 Bc7 63. Ka6 Bd8 64. Kb7 1/2-1/2

[Event "KL Chess Open 2014"]
[Site "Kuala Lumpur MAS"]
[Date "2014.04.05"]
[Round "2.35"]
[White "Vucak, Mark"]
[Black "Kulpruethanon, Thanadon"]
[Result "1/2-1/2"]
[WhiteElo "1771"]
[BlackElo "2113"]
[WhiteFideId "3218937"]
[BlackFideId "6201610"]
[EventDate "2014.04.04"]

1. d4 Nf6 2. c4 e6 3. Nf3 b6 4. a3 Bb7 5. Nc3 d5 6. Bg5 Be7 7. cxd5 Nxd5 8. Bxe7
Qxe7 9. Nxd5 Bxd5 10. e3 O-O 11. Bd3 Nd7 12. O-O c5 13. Rc1 Rad8 14. Re1 Qf6 15.
e4 Bb7 16. Qa4 a6 17. Bb1 b5 18. Qc2 Rc8 19. Qd2 Rfd8 20. e5 Qe7 21. Be4 Nb6 22.
b3 cxd4 23. Bxb7 Qxb7 24. Rxc8 Qxc8 25. Nxd4 Qd7 26. Rd1 h6 27. g3 Qd5 28. Qe3
Nd7 29. f4 Nf8 30. Rd2 Qc5 31. b4 Qc1+ 32. Kf2 Rc8 33. h4 Qh1 34. Qf3 Qc1 35.
Qe3 Rc3 36. Rd3 Qb2+ 37. Ne2 Rc8 38. Rd6 Ng6 39. Rxa6 Ne7 40. Qd4 Qc2 41. Ra7
Nd5 42. Rd7 Rc4 43. Rxd5 Rxd4 44. Rxd4 g5 45. hxg5 hxg5 46. Rd6 Kg7 47. Ra6 Kg6
48. Ra5 Qc4 49. Ra7 g4 50. Rd7 Qb3 51. Rd4 Qf3+ 52. Ke1 Qxa3 53. Kf2 Qf3+ 54.
Ke1 Qe3 55. Kf1 f6 56. exf6 Kxf6 57. Ke1 Qf3 58. Kd2 1/2-1/2

[Event "KL Chess Open 2014"]
[Site "Kuala Lumpur MAS"]
[Date "2014.04.05"]
[Round "2.36"]
[White "Anisuzzaman, Jewel"]
[Black "Lim, Ming Xian"]
[Result "1-0"]
[WhiteElo "2110"]
[BlackElo "1729"]
[WhiteFideId "10204695"]
[BlackFideId "5708940"]
[EventDate "2014.04.04"]

1. e4 e6 2. d4 d5 3. e5 c5 4. Qg4 cxd4 5. Nf3 Nc6 6. Bd3 Nge7 7. O-O Ng6 8. Re1
Be7 9. a3 O-O 10. h4 f5 11. exf6 Rxf6 12. Ng5 Nge5 13. Bxh7+ Kh8 14. Qg3 Nf7 15.
Nxf7+ Rxf7 16. Qg6 Rf5 17. g4 Ne5 18. Rxe5 Rxe5 19. Bf4 Re1+ 20. Kg2 Bd7 21. Qh5
Bf6 22. Bg6+ Kg8 23. g5 Be5 24. Bd2 Re4 25. Qh7+ Kf8 26. Bb4+ 1-0

[Event "KL Chess Open 2014"]
[Site "Kuala Lumpur MAS"]
[Date "2014.04.05"]
[Round "2.37"]
[White "Singgih, Diajeng Theresa"]
[Black "Vu, Phi Hung"]
[Result "0-1"]
[WhiteElo "1629"]
[BlackElo "2095"]
[WhiteFideId "7104391"]
[BlackFideId "12404527"]
[EventDate "2014.04.04"]

1. e4 c5 2. Nf3 d6 3. Bb5+ Bd7 4. Bxd7+ Qxd7 5. O-O Nc6 6. c3 d5 7. exd5 Qxd5 8.
d4 e6 9. Be3 cxd4 10. cxd4 Nf6 11. Nc3 Qa5 12. a3 a6 13. Re1 Be7 14. Qb3 Qc7 15.
d5 exd5 16. Bb6 Qd6 17. Rad1 O-O 18. Nxd5 Nxd5 19. Rxd5 Qg6 20. Rd7 Bf6 21. Rxb7
Rfe8 22. Rc1 Rac8 23. h3 h6 24. Rc7 Rxc7 25. Bxc7 Nd4 26. Nxd4 Bxd4 27. Bg3 Re2
28. Qf3 Rxb2 29. Rd1 Rb1 30. Rxb1 Qxb1+ 31. Kh2 Qb6 32. Qa8+ Kh7 33. Qe4+ g6 34.
Qf3 Kg7 35. Qe2 Qb5 36. Qxb5 axb5 37. Kg1 Kf6 38. Bd6 Ke6 39. Bf8 h5 40. Kf1 Kd5
41. Ke2 Kc4 42. f3 Kb3 43. g4 Bb2 44. Ke3 Bxa3 45. Bg7 Bb2 46. Bf8 Kc4 47. Kf4
hxg4 48. hxg4 b4 49. Bxb4 Kxb4 50. Kg5 Bc1+ 51. f4 Bb2 52. f5 gxf5 53. Kxf5 Kc5
54. g5 Bh8 55. g6 f6 56. Ke6 Kd4 57. Kf7 f5 0-1

[Event "KL Chess Open 2014"]
[Site "Kuala Lumpur MAS"]
[Date "2014.04.05"]
[Round "2.38"]
[White "Yogesh, Gautam"]
[Black "Greenwood, Martin C"]
[Result "1-0"]
[WhiteElo "2091"]
[BlackElo "1587"]
[WhiteFideId "5009324"]
[BlackFideId "423670"]
[EventDate "2014.04.04"]

1. e4 e6 2. d4 d5 3. Nd2 c5 4. exd5 exd5 5. Ngf3 Nf6 6. Bb5+ Bd7 7. Qe2+ Qe7 8.
Ne5 cxd4 9. O-O a6 10. Bd3 Nc6 11. Ndf3 Nxe5 12. Nxe5 Be6 13. f4 O-O-O 14. f5
Bd7 15. Bf4 g6 16. fxg6 hxg6 17. Bg5 Bg7 18. Nxd7 1-0